000 01080cam a22002651i 4500
003 SA-RiAUC
005 20250125081734.0
008 250125s1998 sy g 00010 ara c
040 _aADPOL
_bara
_cSA-RiAUC.
_erda
082 0 4 _a258.2
_qSA-RiAUC
090 _a258.2
_bا ب ن ح
100 1 _aابن الحاجب، عثمان بن عمر بن أبي بكر،
_d570-646 هجري
_eمؤلف.
245 1 0 _aجامع الأمهات /
_cجمال الدين بن عمر الحاجب المالكي ؛ تحقيق أبي عبد الرحمن الأخضر الأخضري.
250 _aالطبعة الأولى.
264 1 _aدمشق :
_bدار اليمامة،
_c1998
300 _a632 صفحة ؛
_c24 سم
336 _aنص
_btxt
_2rdacontent
_3كتاب
337 _aبدون وسيط
_bn
_2rdamedia
338 _aمجلد
_bnc
_2rdacarrier
650 7 _aالفقه المالكي
_2aucsh
650 7 _aالفقه الإسلامي
_xمذاهب
_2aucsh
700 1 _aالأخضري، الأخضر
_eمحقق.
942 _2ddc
_cBOOK
_n0
949 _aSA-JeALM
_d250125
_umohamedma123
_n1
999 _c5180
_d5180